000 01023nam a22003137a 4500
005 2011011806376.0
008 110118t xxu||||| |||| 00| 0 eng d
010 _aENG-101893
020 _a9780071070935
_c525.00
020 _a0071070931
_c525.00
035 _aEN-85426
037 _bDBAD/PUB
040 _adpl
_bEng
082 _a005.8
100 _aMaiwald, Eric.
_925318
245 _aFundamentals of network security /
_cby Eric Maiwald
260 _aNew Delhi
_bTata McGraw Hill
_c2010
270 _a7 West Patel Nagar
_bNew Delhi
_e110008
300 _axxvi,645p.
_c24cm (pbk)
490 _aInformation security series
_925350
500 _aIncludes index.
650 _aComputer networks
_925319
_xSecurity measures.
650 _925343
650 _925349
700 _925321
700 _925322
942 _2ddc
_cEN
_h005.8
_mMAI
999 _c49875
_d49875